| 000 | 00781nam a2200265Ia 4500 | ||
|---|---|---|---|
| 003 | OSt | ||
| 005 | 20220928104225.0 | ||
| 006 | a|||||r|||| 00| 0 | ||
| 007 | ta | ||
| 008 | 220927b |||||||| |||| 00| 0 eng d | ||
| 020 | _c980 | ||
| 024 | _a117970 | ||
| 037 |
_b1013, 08/11/2012, Bookwell Publications _cTextual |
||
| 040 |
_aSDCL _cSDCL _beng |
||
| 041 |
_2eng _aeng |
||
| 082 | _a22.1'P, Q2 | ||
| 100 |
_aSethunath V.S _9409709 |
||
| 245 | 0 | _aPublic libraries. | |
| 260 |
_aNew Delhi _bCrescent Publishing Corporation _c2012 |
||
| 300 |
_a273p _ccm. |
||
| 650 | _aReference | ||
| 700 |
_a Kumar M.Ganesh _9409710 |
||
| 942 |
_h22.1'P, Q2 _cTEXL _2CC |
||
| 999 |
_c725270 _d725270 |
||